000 02963nam a2200349 a 4500
001 000025282
003 DO-SdBNP
005 20240409122244.0
007 ta
008 110214s1984 dr ac 000 0 spa d
040 _aDO-SdBNP
_bspa
_cBNPHU
082 _a972.93
_bV768m, 1984
_222
100 1 _aVincent Cepeda, Altagracia
_943279
245 1 0 _aManual de historia de américa :
_b(desarrollo conforme al programa del primer teórico de la República Dominicana) /
_cAltagracia Vincent Cepeda.
250 _a13va ed. corr. y amp.
260 _aSanto Domingo :
_fAmigo del Hogar,
_c[1984?].
300 _a248 p. :
_bil., retr. ;
_c24 cm.
500 _aIncluye bibliografía, pg. 344
505 1 _aCap. I :
_tObjetivo y división de la historia de América. diversas teorías acerca del origen del hombre americano. cuadro general de los principales pueblos indígenas antes del descubrimiento, y su distribución geográfica. los viajes colombinos de los normandos a América del Norte.-
505 1 _aCap. II :
_tLa civilización de los pueblos indígenas de México. toltecas y chichimecas. los aztecas: organización política y social, y régimen económico. Arte, cultura y ciencias y religión. restos de esta civilización. los mayas: su civilización. las ruinas mayas.-
505 1 _aCap. III :
_tEl imperio incaico. origen de este pueblos. organización social, política y económica. el régimen agrario incaico. arte, religión, cultura y cívica. las ruinas incaicas. los chibchas de Colombia: su civilización. breve noticia histórico-geográfica de los otros pueblos indígenas de América precolombina.
505 1 _aCap. IV :
_tEl descubrimiento de América. estado de los descubrimientos geográficos en la época. los viajes de los portugueses. Cristóbal Colon: su vida hasta el descubrimiento. los reyes católicos y Colón. las capitulaciones de Santa Fe. primer viaje: consecuencias. segundo viaje. tercero y cuarto viajes de Colón. colón y Américo Vespucio; el nombre de América. muerte de Colón y lugar donde se hallan sus restos. la isla española centro del descubrimiento y conquista de América.
505 1 _aCap. V :
_tlas bulas de Alejandro VI, la línea de demarcación y el tratado de Tordecillas. la junta de Burgos y la escuela Náutica de Sevilla. los viajes menores: Ojeda, Alonso Niño, Bastidas, Juan de la Cosa y Diego de Lepe. Vicente Yáñez Pinzón y el río amazonas. Díaz de Solís y el río de la Plata. Hernando de Soto y el Mississipi.
505 1 _aCap. VI :
_tVasco Núñez de Balboa y el descubrimiento del Mar del Sur
590 _aInventariado, 2021 / DG
651 4 _aRepública Dominicana
_yÉPOCA PREHISPÁNICA, 1942-
_951801
651 4 _aAmérica
_yDESCUBRIMIENTO Y CONQUISTA
_951802
651 0 _aRepública Dominicana --
_xHistoria --
_yColonia, 1503-1844
_911397
651 4 _aRepública Dominicana
_xHistoria
_y1844-
_92805
910 _aInventariado, 2021 / DG
942 _2ddc
_cLBS1
999 _c24775
_d24775